Current opinion in allergy and clinical immunology české a slovenské vydání

Bibliographic Details
Other Authors: Panzer, Petr (Publishing director)
Format: Journal
Language:Czech
Slovak
PhysicalDescription:zv. 30 cm
Online vydanie: Current opinion in allergy and clinical immunology (České a slovenské vyd., On-line) ISSN 1803-8948
Online vydanie: Current opinion in pulmonary medicine (České a slovenské vyd., On-line) ISSN 1803-8948
Published: Praha Medical Tribune CZ 2004-
ISSN:1214-472X
Subjects:
Online Access:http://www.co-allergy.cz/home

MARC

LEADER 00000cas a2200000 a 4500
001 vtls008419815
003 SK-MaSNL
005 20260228161009.0
008 051220c20049999xr tr p 0 b0cze
022 |a 1214-472X 
035 |a (SVKBB03)vtls000204784 
040 |a SVKPO  |b slo  |c SVKPO  |d SVKBB  |d SAVUK  |d SNK  |e AACR2 
041 0 |a cze  |a slo  |b cze  |b slo 
044 |a xr  |c CZ 
072 7 |a 616  |x Patológia. Klinická medicína  |2 konspekt 
080 |a 612.017+616-097  |2 2011 
080 |a 050  |2 2011 
080 |a 001(051)  |2 2011 
210 0 |a Curr. opin. allergy clin. immunol., Čes. slov. vyd.  |b (Print) 
222 0 |a Current opinion in allergy and clinical immunology. České a slovenské vyd.  |b (Print) 
245 0 0 |a Current opinion in allergy and clinical immunology  |b české a slovenské vydání 
260 |a Praha  |b Medical Tribune CZ  |c 2004- 
300 |a zv.  |c 30 cm 
310 |a 3x ročne 
362 0 |a Roč. 1, č. 1 (2004)- 
500 |a Ved. redaktor: 1/2004-, Petr Panzer 
500 |a Vychádza vďaka grantu firmy NOVARTIS 
500 |a Licenciu pre české a slovenské vydanie poskytlo vydavateľstvo Lippincott Williams & Wilkins 
500 |a Reg. číslo MK ČR: E 14820 
504 |a Biblior. 
530 |a Online vydanie: Current opinion in allergy and clinical immunology (České a slovenské vyd., On-line) ISSN 1803-8948 
530 |a Online vydanie: Current opinion in pulmonary medicine (České a slovenské vyd., On-line) ISSN 1803-8948 
546 |a Res. slov. a čes. 
650 0 7 |a alergológia a imunológia  |2 SNKPH  |9 2494 
655 7 |a vedecké časopisy  |2 SNKPH  |9 70520 
700 1 |a Panzer, Petr  |4 pbd  |9 267755 
852 |a Štátna vedecká knižnica v Banskej Bystrici 
856 4 1 |u http://www.co-allergy.cz/home 
910 |a svkpo 
910 |a savuk 
910 |a snk 
999 |c 4065  |d 5995 
952 |0 0  |1 0  |4 0  |7 0  |8 1  |a SNK  |b SNK  |d 2019-09-23  |i snk2019/23531  |l 0  |o snkČSB 7285/1/2004  |p 17A1382939  |r 2026-02-21 21:52:14  |t č. 1-2  |w 2026-02-21  |y PREZ 
952 |0 0  |1 0  |4 0  |7 0  |8 0  |a SNK  |b SNK  |d 2019-09-23  |i snk2019/23534  |l 0  |o snkČSB 7285/2/2005  |p 17A1382938  |r 2026-02-21 21:52:14  |t č. 1-3  |w 2026-02-21  |y PREZ 
952 |0 0  |1 0  |4 0  |7 0  |8 0  |a SNK  |b SNK  |d 2019-09-23  |i snk2019/23535  |l 0  |o snkČSB 7285/3/2006  |p 17A1382937  |r 2026-02-21 21:52:14  |t č. 1-3  |w 2026-02-21  |y PREZ 
952 |0 0  |1 0  |4 0  |7 0  |8 0  |a SNK  |b SNK  |d 2019-09-23  |i snk2019/23537  |l 0  |o snkČSB 7285/4/2007  |p 17A1382936  |r 2026-02-21 21:52:14  |t č. 1-3  |w 2026-02-21  |y PREZ 
952 |0 0  |1 0  |4 0  |7 0  |8 0  |a SNK  |b SNK  |d 2019-09-23  |i snk2019/23540  |l 0  |o snkČSB 7285/5/2008  |p 17A1382935  |r 2026-02-21 21:52:14  |t č. 1-3  |w 2026-02-21  |y PREZ 
952 |0 0  |1 0  |4 0  |7 0  |8 0  |a SNK  |b SNK  |d 2019-09-23  |i snk2019/23544  |l 0  |o snkČSB 7285/6/2009  |p 17A1382934  |r 2026-02-21 21:52:14  |t č. 1-3  |w 2026-02-21  |y PREZ 
952 |0 0  |1 0  |4 0  |7 0  |8 0  |a SNK  |b SNK  |d 2019-09-23  |i snk2019/23545  |l 0  |o snkČSB 7285/7/2010  |p 17A1382933  |r 2026-02-21 21:52:14  |t č. 1-3  |w 2026-02-21  |y PREZ 
952 |0 0  |1 0  |4 0  |7 0  |8 0  |a SNK  |b SNK  |d 2019-09-23  |i snk2019/23546  |l 0  |o snkČSB 7285/8/2011  |p 17A1382932  |r 2026-02-21 21:52:14  |t č. 1-3  |w 2026-02-21  |y PREZ 
952 |0 0  |1 0  |4 0  |7 0  |8 0  |a SNK  |b SNK  |d 2019-09-23  |i snk2019/23548  |l 0  |o snkČSB 7285/9/2012  |p 17A1382931  |r 2026-02-21 21:52:14  |t č. 1-3  |w 2026-02-21  |y PREZ 
952 |0 0  |1 0  |4 0  |7 0  |8 0  |a SNK  |b SNK  |d 2019-09-23  |i snk2019/23550  |l 0  |o snkČSB 7285/10/2013  |p 17A1382930  |r 2026-02-21 21:52:14  |t č. 1-3  |w 2026-02-21  |y PREZ